Catalog

Record Details

Catalog Search



Available copies

  • 4 of 4 copies available at LARL/NWRL Consortium. (Show)
  • 2 of 2 copies available at Northwest Regional Library.

Current holds

0 current holds with 4 total copies.

Show Only Available Copies
Location Call Number / Copy Notes Barcode Shelving Location Status Due Date
Hallock Public Library WIN (Text) 35500006789133 Main Available -
Hallock Public Library WIN (Text) 35500006789232 Main Available -

Record details

  • ISBN: 9781641296069
  • ISBN: 1641296062
  • Physical Description: x, 342 pages ; 24 cm.
  • Publisher: New York, NY : Soho Crime, 2024.

Content descriptions

Summary, etc.:
"London, 1945: Four adolescent orphans with a dark ... Read More
Subject: Dobbs, Maisie (Fictitious character) > Fiction.
Orphans > Fiction.
World War, 1939-1945 > England > Fiction.
Great Britain > History > George VI, 1936-1952 > Fiction.
Genre: Detective and mystery fiction.
Historical fiction.
Mystery fiction.
Detective and mystery fiction.
Historical fiction.
Novels.
LDR 03857cam a22006978i 4500
001429675
003LARL_NWRL_CONSORTIUM
00520240531141327.0
008231211s2024 nyu e 000 1 eng
010 . ‡a 2023056228
040 . ‡aDLC ‡beng ‡erda ‡cDLC ‡dBDX ‡dOCLCF ‡dOCLCO ‡dETC ‡dT3Q ‡dJAS ‡dOCLCO ‡dNBO ‡dMWD
020 . ‡a9781641296069 ‡q(hardcover)
020 . ‡a1641296062
020 . ‡z9781641296076 ‡q(e-book)
035 . ‡a(OCoLC)1404819390
042 . ‡apcc
043 . ‡ae-uk--- ‡ae-uk-en
08200. ‡a823/.92 ‡223/eng/20231211
1001 . ‡aWinspear, Jacqueline, ‡d1955- ‡eauthor. ‡0(LARL_NWRL_CONSORTIUM)133223
24514. ‡aThe comfort of ghosts / ‡cJacqueline Winspear.
264 1. ‡aNew York, NY : ‡bSoho Crime, ‡c2024.
300 . ‡ax, 342 pages ; ‡c24 cm.
336 . ‡atext ‡btxt ‡2rdacontent
337 . ‡aunmediated ‡bn ‡2rdamedia
338 . ‡avolume ‡bnc ‡2rdacarrier
4900 . ‡aMaisie Dobbs ; ‡v18
520 . ‡a"London, 1945: Four adolescent orphans with a dark wartime history are squatting in a vacant Belgravia mansion - the owners having fled London under heavy Luftwaffe bombing. Soon after a demobilized British soldier, ill and reeling from his experiences overseas, takes shelter with the group, Maisie Dobbs visits the mansion on behalf of the owners. Maisie is deeply puzzled by the children's reticence. Their stories are evasive and, more mysteriously, they appear to possess self-defense skills one might expect of trained adults in wartime. Her quest to bring comfort and the promise of a future to the youngsters and to the ailing soldier brings to light a decades-old mystery concerning Maisie's first husband, James Compton, who was killed while piloting an experimental aircraft. As Maisie picks apart the threads of her dead husband's life, she is forced to examine her own painful past and question beliefs she has always accepted as true. The award-winning Maisie Dobbs series has garnered hundreds of thousands of followers around the world, readers who are drawn to a woman who is of her time, yet familiar in ours - and who inspires with her resilience and capacity for endurance at the worst of times. This final assignment of her own choosing not only opens a new future for Maisie Dobbs and her family, but serves as a fascinating portrayal of the challenges facing the people of Britain at the close of the Second World War"-- ‡cProvided by publisher.
60010. ‡aDobbs, Maisie ‡c(Fictitious character) ‡vFiction.
650 0. ‡aOrphans ‡vFiction. ‡0(LARL_NWRL_CONSORTIUM)166482
650 0. ‡aWorld War, 1939-1945 ‡zEngland ‡vFiction. ‡0(LARL_NWRL_CONSORTIUM)167917
651 0. ‡aGreat Britain ‡xHistory ‡yGeorge VI, 1936-1952 ‡vFiction.
655 0. ‡aDetective and mystery fiction.
655 0. ‡aHistorical fiction.
655 7. ‡aMystery fiction. ‡2gsafd
655 7. ‡aDetective and mystery fiction. ‡2lcgft
655 7. ‡aHistorical fiction. ‡2lcgft
655 7. ‡aNovels. ‡2lcgft
901 . ‡a429675 ‡bOCoLC ‡c429675 ‡tbiblio ‡soclc

Additional Resources